00925 a2200181 4500003000500000005001700005040000900022082001400031100002600045245006000071260003300131300001000164505038800174650002700562942001200589999001900601952012300620Nust20230213115546.0 cNust a973.7,HEN aHenderson.F.R9108979 aThe Civil War:bA soldier s View /cCol G F R henderson aChicagobChicago press61958 a320:p aIntroduction (Page-1), The Campaign of Fredericksburg (Page-9), Henderson and the American Civil War (Page-120), Battles and Leaders of the Civil War (Page-130), The American Civil War 1861-1865 (Page-174), The Battle of Gettysburg (Page-225), The Campaign in the Wilderness of Virginia 1864 (Page-254), Stonewall Jackson Place in History (Page-284), The Henderson Legacy (Page-301). aThe Civil War:9108980 2ddccBK c187506d187506 00102ddc4070aMCSbMCScGENd2016-12-12o973.7,HENpMCS29144r2016-12-08w2016-12-12yBKzAlmirah No.62, Shelf No.6